[Event "22nd Metropolitan IM"]
[Site "Los Angeles USA"]
[Date "2012.10.11"]
[Round "2"]
[White "Akopian,R"]
[Black "Amanov,Z"]
[Result "1-0"]
[WhiteElo "2093"]
[BlackElo "2374"]

1.e4 e5 2.Nf3 Nc6 3.Bb5 a6 4.Ba4 Nf6 5.O-O b5 6.Bb3 Bb7 7.d3 Bd6 8.a3 O-O
9.Nc3 h6 10.Be3 Ng4 11.Bd2 Bc5 12.h3 Nf6 13.Be3 Bxe3 14.fxe3 d6 15.Qe2 Ne7
16.Nh4 c5 17.Rf2 Bc8 18.Raf1 Be6 19.Rxf6 gxf6 20.Nd5 Nxd5 21.Bxd5 Ra7 22.Qh5 f5
23.Qxh6 Bxd5 24.Nxf5 f6 25.exd5 Rh7 26.Qg6+ Kh8 27.Qg4 Rg8 28.Qf3 Rg6 29.Kh2 Kg8
30.Rf2 Qd7 31.d4 cxd4 32.exd4 Kh8 33.dxe5 fxe5 34.Ng3 Qe7 35.Ne4 Kg7 36.Qf5 Rh4
37.g3 Rh8 38.g4 Rgh6 39.Rf3 Rg6 40.Ng3 Rg5 41.Qe4 Qd7 42.Nf5+ Kg8 43.Rc3 Rh7
44.Rc6 Rxf5 45.Qxf5 Qxf5 46.gxf5 Rd7 47.Kg3 Kf7 48.Kf3 a5 49.Ke4 Ke7 50.Rc8 Kf6
51.Re8 Rc7 52.Re6+ Kf7 53.Kd3 Rc4 54.Rxd6 e4+ 55.Kd2 e3+ 56.Kd3 Re4 57.Re6  1-0

[Event "7th Americas Continental 2012"]
[Site "Mar del Plata ARG"]
[Date "2012.10.19"]
[Round "9.1"]
[White "Bruzon Batista,L"]
[Black "Kaidanov,G"]
[Result "1/2-1/2"]
[WhiteElo "2717"]
[BlackElo "2587"]

1.e4 e5 2.Nf3 Nc6 3.Bb5 a6 4.Ba4 Nf6 5.O-O b5 6.Bb3 Bb7 7.d3 Be7 8.Re1 O-O
9.Nbd2 Re8 10.a4 Bf8 11.c3 Na5 12.Bc2 c5 13.d4 cxd4 14.cxd4 d5 15.dxe5 Nxe4
16.Qe2 Rc8 17.Nxe4 dxe4 18.Bxe4 Bxe4 19.Qxe4 Rc4 20.Qf5 Qc8 21.Qxc8 Rexc8
22.Be3 Nb3  1/2-1/2

[Event "NIT Nagpur GM Open 2012"]
[Site "Nagpur IND"]
[Date "2012.10.21"]
[Round "9.2"]
[White "Stany,G"]
[Black "Kravtsiv,M"]
[Result "1/2-1/2"]
[WhiteElo "2404"]
[BlackElo "2592"]

1.e4 e5 2.Nf3 Nc6 3.Bb5 a6 4.Ba4 Nf6 5.O-O b5 6.Bb3 Bb7 7.Re1 Bc5 8.c3 d6
9.d4 Bb6 10.a4 O-O 11.axb5 axb5 12.Rxa8 Bxa8 13.Na3 exd4 14.cxd4 Na5 15.Bc2 Re8
16.d5 c6 17.dxc6 Bxc6 18.Nd4 Ng4 19.Qxg4 Bxd4 20.Bd3 Nb3 21.Be3 Bxb2 22.Nxb5 Nc5
23.Bxc5 dxc5 24.Qe2 Be5 25.g3 g6 26.Rc1 Qb6 27.Nc3 Bd4 28.Bb5 Bxc3 29.Bxc6 Qxc6
30.Rxc3 Rxe4 31.Rxc5 Rxe2 32.Rxc6  1/2-1/2

[Event "Casino Barcelona Masters"]
[Site "Barcelona ESP"]
[Date "2012.10.29"]
[Round "7.2"]
[White "Quesada Perez,Yu"]
[Black "Sokolov,Ivan"]
[Result "1/2-1/2"]
[WhiteElo "2604"]
[BlackElo "2690"]

1.e4 e5 2.Nf3 Nc6 3.Bb5 a6 4.Ba4 Nf6 5.O-O b5 6.Bb3 Bb7 7.d3 Bc5 8.Nc3 O-O
9.Nd5 h6 10.Be3 d6 11.a4 Nd4 12.Nxd4 exd4 13.Bd2 Nxd5 14.exd5 Qf6 15.axb5 axb5
16.Rxa8 Rxa8 17.Re1 Qf5 18.Re4 Bb6 19.h3 Kf8 20.Rf4 Qg6 21.Qf3 Bc8 22.Re4 Ra1+
23.Kh2 Bf5 24.Re1 Rxe1 25.Bxe1 Qg5 26.Qd1 Qe7 27.Bd2 Bc8 28.Qe1 Qxe1 29.Bxe1 g5
30.Bd2 Kg7 31.f4 g4 32.h4 h5 33.g3 Bf5 34.Kg2 Kf6 35.Kf2 Ke7 36.Ke2 Kd7 37.Be1 Kc8
38.Ba2 Kb7 39.b4 Kc8 40.Bb3 Kb7 41.Bd2  1/2-1/2

[Event "US Chess League 2012"]
[Site "ICC INT"]
[Date "2012.10.29"]
[Round "9"]
[White "Becerra Rivero,J"]
[Black "Amanov,Z"]
[Result "1-0"]
[WhiteElo "2555"]
[BlackElo "2373"]

1.e4 e5 2.Nf3 Nc6 3.Bb5 a6 4.Ba4 Nf6 5.O-O b5 6.Bb3 Bb7 7.d3 Be7 8.Nc3 O-O
9.a4 b4 10.Nd5 Na5 11.Ba2 Nxd5 12.Bxd5 Bxd5 13.exd5 d6 14.Re1 c6 15.d4 f6
16.dxc6 Nxc6 17.Qd3 Kh8 18.Bd2 Qb6 19.d5 Na5 20.Nh4 Rf7 21.Re4 f5 22.Rxb4 Qc5
23.Nxf5 Raf8 24.Ng3 Rxf2 25.Kh1 R2f7 26.c3 Qc8 27.Be3 Bd8 28.Rg1 Qa8 29.Ne4 Nb7
30.Rc4 Na5 31.Nxd6 Rc7 32.Rxc7 Bxc7 33.Ne4  1-0

[Event "Chigorin Memorial"]
[Site "St Petersburg RUS"]
[Date "2012.10.30"]
[Round "4.16"]
[White "Oparin,G"]
[Black "Socko,B"]
[Result "0-1"]
[WhiteElo "2484"]
[BlackElo "2619"]

1.e4 e5 2.Nf3 Nc6 3.Bb5 a6 4.Ba4 Nf6 5.O-O b5 6.Bb3 Bb7 7.Re1 Bc5 8.c3 d6
9.d4 Bb6 10.Be3 O-O 11.Nbd2 exd4 12.cxd4 Nb4 13.Qb1 c5 14.a3 Nc6 15.dxc5 dxc5
16.e5 Ng4 17.Bg5 Qc7 18.Qf5 Nxf2 19.Bc2 g6 20.Qf4 c4 21.Kf1 Nd8 22.Bf6 Ne6
23.Qh4 c3 24.bxc3 Qxc3 25.Rac1 Nd3 26.Ne4 Bxe4 27.Rxe4 h5 28.Rg4 Nxc1 29.Qxh5 Qc4+
30.Rxc4 gxh5 31.Rh4 Ng7 32.Ng5 Rfc8 33.Bh7+ Kf8 34.Be4 Nb3 35.Nh7+ Kg8 36.Bg5 Bd8
37.Nf6+ Bxf6 38.exf6 Ne6 39.Rxh5 Rc5 40.Bh7+ Kf8  0-1

[Event "WY BU14 2012"]
[Site "Maribor SLO"]
[Date "2012.11.09"]
[Round "2.6"]
[White "Antal,T"]
[Black "Mihajlov,Sebastian"]
[Result "1-0"]
[WhiteElo "2353"]
[BlackElo "2076"]

1.e4 e5 2.Nf3 Nc6 3.Bb5 a6 4.Ba4 Nf6 5.O-O b5 6.Bb3 Bb7 7.Nc3 Be7 8.d3 d6
9.a4 b4 10.Nd5 Na5 11.Ba2 Nxd5 12.exd5 b3 13.Qe1 Bxd5 14.Qxa5 Bxf3 15.Bxb3 Bb7
16.f4 O-O 17.fxe5 dxe5 18.Qxe5 Bd6 19.Qg5 Qd7 20.Bf4 Rae8 21.Rae1 Be7 22.Qg3 Bf6
23.c3 Qc6 24.Qf2 Rxe1 25.Rxe1 Bh4 26.Bg3 Bxg3 27.hxg3 Qd7 28.d4 Bc6 29.a5 h6
30.Re5 Re8 31.Qf4 Rb8 32.Bc2 Rxb2 33.Re2 Rb8 34.c4 Ba4 35.Bd3 Rd8 36.d5 c6
37.d6 Rf8 38.c5 Bb5 39.Re7 Qd8 40.Bxb5 axb5 41.a6 Qa5 42.a7 b4 43.d7 Qxa7
44.Qxf7+  1-0

[Event "FIDE WCh Women World Cup"]
[Site "Khanty-Mansiysk RUS"]
[Date "2012.11.11"]
[Round "1.1"]
[White "Castrillon Gomez,M"]
[Black "Kosintseva,N"]
[Result "0-1"]
[WhiteElo "2159"]
[BlackElo "2539"]

1.e4 e5 2.Nf3 Nc6 3.Bb5 a6 4.Ba4 Nf6 5.O-O b5 6.Bb3 Bb7 7.d3 Be7 8.Nbd2 O-O
9.Re1 d6 10.a3 Na5 11.Ba2 c5 12.Nf1 Bc8 13.Ne3 Nc6 14.Nd5 Nxd5 15.Bxd5 Qc7
16.c3 Rb8 17.Be3 Bf6 18.d4 c4 19.a4 Ne7 20.dxe5 dxe5 21.a5 Nxd5 22.Qxd5 Bb7
23.Qc5 Qxc5 24.Bxc5 Rfd8 25.Bb6 Rd7 26.Re2 h6 27.Kf1 Kf8 28.Ke1 Ke7 29.Nd2 Rc8
30.f3 Ke6 31.Nf1 Bd8 32.Bxd8 Rcxd8 33.Ne3 g6 34.Rd1 Rd3 35.Rdd2 f5 36.exf5+ gxf5
37.Nc2 Rg8 38.Nb4 Rxd2 39.Rxd2 h5 40.Kf2 h4 41.g3 hxg3+ 42.hxg3 Rh8 43.Kg2 e4
44.fxe4 fxe4 45.Kf2 Rf8+ 46.Ke1 Rf3 47.Rh2 Rxg3 48.Rh7 Bc8 49.Rh8 Kd7 50.Nd5 Bb7
51.Rh7+ Kd6 52.Nb4 Bc8 53.Nxa6 e3 54.Nc7 Bg4 55.Nxb5+  0-1

[Event "FIDE WCh Women World Cup"]
[Site "Khanty-Mansiysk RUS"]
[Date "2012.11.12"]
[Round "1.2"]
[White "Davletbayeva,M"]
[Black "Kosintseva,T"]
[Result "0-1"]
[WhiteElo "2220"]
[BlackElo "2515"]

1.e4 e5 2.Nf3 Nc6 3.Bb5 a6 4.Ba4 Nf6 5.O-O b5 6.Bb3 Bb7 7.d3 Be7 8.a4 O-O
9.Re1 d6 10.Nbd2 Na5 11.Ba2 b4 12.Nf1 c5 13.Bg5 Bc8 14.Ne3 Be6 15.Bxf6 Bxf6
16.Bd5 Rb8 17.Nd2 Qd7 18.Bc4 Nxc4 19.dxc4 Bg5 20.Ndf1 g6 21.Nd5 f5 22.exf5 gxf5
23.Qh5 Qg7 24.Rad1 Rbd8 25.b3 Kh8 26.f4 Bxd5 27.Qxg5 Be4 28.Qxg7+ Kxg7 29.fxe5 dxe5
30.Rxd8 Rxd8 31.Ng3 Bxc2 32.Rxe5 Bxb3 33.Nxf5+ Kf6 34.Rxc5 Bxa4 35.Ne3 b3
36.Ra5 b2 37.Rxa6+ Ke5 38.Rb6 Kd4 39.Rxb2 Kxe3 40.h3 Bc6 41.Kh2 Be4 42.g4 Kf4  0-1

[Event "CBX IM Salvador 2012"]
[Site "Salvador BRA"]
[Date "2012.11.12"]
[Round "8.2"]
[White "Barata,A"]
[Black "Rodi,L"]
[Result "0-1"]
[WhiteElo "2199"]
[BlackElo "2354"]

1.e4 e5 2.Nf3 Nc6 3.Bb5 a6 4.Ba4 Nf6 5.O-O b5 6.Bb3 Bb7 7.d4 Nxd4 8.Bxf7+ Kxf7
9.Nxe5+ Kg8 10.Qxd4 Qe8 11.Nf3 c5 12.Qd1 Qxe4 13.Bg5 Qf5 14.Nbd2 d5 15.a4 b4
16.Re1 Bd6 17.Nc4 Bxh2+ 18.Kxh2 dxc4 19.Bxf6 Qxf6 20.Qe2 Qf4+ 21.Kg1 Bxf3
22.gxf3 h6 23.Qe6+ Kh7 24.Re4 Qxf3 25.Rg4 Rhg8 26.Qxc4 Kh8 27.Rf4 Qh5 28.Rh4 Qe5  0-1

[Event "WY BU14 2012"]
[Site "Maribor SLO"]
[Date "2012.11.16"]
[Round "9.12"]
[White "Xu,Minghui"]
[Black "Bai,Jinshi"]
[Result "1/2-1/2"]
[WhiteElo "2112"]
[BlackElo "2288"]

1.e4 e5 2.Nf3 Nc6 3.Bb5 a6 4.Ba4 Nf6 5.O-O b5 6.Bb3 Bb7 7.Re1 Bc5 8.Nc3 O-O
9.d3 h6 10.Be3 d6 11.Bxc5 dxc5 12.a4 b4 13.Nd5 Na5 14.Nxf6+ Qxf6 15.Nd2 Rad8
16.Re3 Kh7 17.Bc4 Bc8 18.Qf3 Qe7 19.Qe2 Rd6 20.Rf1 Be6 21.Bxe6 Qxe6 22.b3 Nc6
23.Nf3 g5 24.h3 Rg8 25.Kh2 Qg6 26.Rh1 Rf6 27.Kg1 Rf8 28.Qd1 Re6 29.Kh2 Kg7
30.Rhe1 Qf6 31.Rf1 Qe7 32.Ree1 Rg6 33.Ng1 Nd4 34.Ne2 Rf6 35.Nxd4 cxd4 36.Re2 Rg6
37.f3 Qf6 38.Ref2 h5 39.Kg1 Rg8 40.g4 Rh8 41.Kg2 Rgh6 42.Rh1 Qf4 43.Rff1 h4
44.Qe1 Rc6 45.Rf2 a5 46.Qd2 Qg3+ 47.Kf1 Kg6 48.f4 exf4 49.Qd1 f3 50.Rxf3  1/2-1/2

[Event "WY GU16 2012"]
[Site "Maribor SLO"]
[Date "2012.11.18"]
[Round "11.7"]
[White "Lasya,G"]
[Black "Bivol,A"]
[Result "0-1"]
[WhiteElo "1961"]
[BlackElo "2172"]

1.e4 e5 2.Nf3 Nc6 3.Bb5 a6 4.Ba4 b5 5.Bb3 Nf6 6.O-O Bb7 7.Ng5 d5 8.exd5 Nd4
9.Re1 Nxb3 10.Rxe5+ Be7 11.axb3 h6 12.Nf3 Nxd5 13.Nc3 O-O 14.Nxd5 Bxd5 15.Re3 Qd6
16.d4 Bf6 17.Ne5 Bb7 18.Qg4 Rad8 19.c3 c5 20.Re1 cxd4 21.Bf4 Qd5 22.Rad1 h5
23.Qh3 g6 24.Rxd4 Qxb3 25.Rxd8 Rxd8 26.Nd7 Bg7 27.Bg5 Rc8 28.Nf6+ Bxf6 29.Bxf6 Kh7
30.Qg3 Re8 31.Rf1 Qe6 32.Bd4 Bd5 33.h3 a5 34.Be3 Qe4 35.Rd1 h4 36.Qg5 Re5
37.Qg4 Qxg4 38.hxg4 Be6 39.Rd8 Rd5 40.Ra8 Bxg4 41.Rxa5 Be6 42.f4 Kg7 43.Bd4+ Kh6
44.Ra8 Kh5 45.Kf2 Kg4 46.Rh8 Rf5 47.Ke3 Bd5 48.Kf2 Rxf4+ 49.Kg1 g5 50.Re8 Bc4
51.Re1 h3 52.gxh3+ Kxh3 53.Re3+ Kg4 54.b4 Rf1+ 55.Kg2 Rd1 56.Rg3+ Kh5 57.Be3 Bd5+
58.Kf2 g4 59.Ke2 Ra1 60.Kd3 Rf1 61.Kd4 Bf3 62.Ke5 Bb7 63.Bc5 Kh4 64.Rd3 g3
65.Rd7 f6+ 66.Kd6 Be4 67.Rg7 g2 68.Ke6 Bf5+ 69.Kxf6 Bg4+ 70.Ke5 Rf5+ 71.Kd6 Rxc5
72.Ke7 g1=R 73.Kd6 Rd1+ 74.Kxc5 Be2 75.Re7 Bc4 76.Re3 Kg5 77.Re5+ Kh4 78.Re4+ Kg5
79.Kc6 Kf6  0-1

[Event "9th Vasylyshyn Mem GM"]
[Site "Lviv UKR"]
[Date "2012.11.21"]
[Round "2"]
[White "Vetoshko,V"]
[Black "Sivuk,V"]
[Result "1/2-1/2"]
[WhiteElo "2283"]
[BlackElo "2482"]

1.e4 e5 2.Nf3 Nc6 3.Bb5 a6 4.Ba4 b5 5.Bb3 Bb7 6.O-O Nf6 7.Re1 Bc5 8.c3 d6
9.d4 Bb6 10.a4 O-O 11.Bg5 h6 12.Bxf6 Qxf6 13.Bd5 Rab8 14.axb5 axb5 15.Na3 exd4
16.Bxc6 Bxc6 17.Nxd4 Bd7 18.Nac2 Qg6 19.Nb4 Rfe8 20.Nd5 c6 21.Nxb6 Rxb6 22.Ra7 Bh3
23.Qf3 Bg4 24.Qf4 c5 25.Nc2 Rbb8 26.f3 Be6 27.Qxd6 Red8 28.Qf4 b4 29.cxb4 cxb4
30.Raa1 Rbc8 31.Nxb4 Bh3 32.Qg3 Qb6+ 33.Qf2 Qxb4 34.gxh3 Rd2 35.Re2 Qxb2
36.Rxd2 Qxa1+ 37.Kg2 Rc6 38.f4 Qb1 39.Qe2 Rg6+ 40.Kf2 Qg1+ 41.Kf3 Qh1+ 42.Ke3 Rb6
43.Qd1 Qxd1 44.Rxd1  1/2-1/2

[Event "35th ch-GRE w 2012"]
[Site "Athens GRE"]
[Date "2012.11.26"]
[Round "3"]
[White "Ikonomopoulou,M"]
[Black "Petraki,M"]
[Result "1-0"]
[WhiteElo "2108"]
[BlackElo "2003"]

1.e4 e5 2.Nf3 Nc6 3.Bb5 a6 4.Ba4 Nf6 5.O-O b5 6.Bb3 Bb7 7.Re1 Bc5 8.c3 d6
9.d4 Bb6 10.a4 h6 11.Nh4 exd4 12.Nf5 O-O 13.cxd4 Ne7 14.Ng3 c5 15.Be3 c4
16.Bc2 b4 17.Nd2 Rc8 18.Rc1 a5 19.b3 d5 20.e5 Nh7 21.Qg4 Rc6 22.bxc4 Bc8
23.Qh4 dxc4 24.Nxc4 Ng6 25.Qxd8 Bxd8 26.Be4 Ra6 27.d5 Bd7 28.e6 Bxa4 29.Bc5 Bg5
30.Rb1 Rc8 31.Bxg6 fxg6 32.Nb6 Rxc5 33.Nxa4 Rxd5 34.e7 Nf6 35.e8=Q+ Nxe8
36.Rxe8+ Kf7 37.Ree1 Rc6 38.Ne4 Rc2 39.Rb2 Rxb2 40.Nxb2 Bf6 41.Nxf6 gxf6
42.h3 Rc5 43.Ra1 Ke6 44.Kf1 Kd5 45.Ke1 Kc6 46.Kd2 Kb5 47.Na4 Rc7 48.Nb2 b3
49.Rc1 Rxc1 50.Kxc1 a4 51.Kb1 a3 52.Nd1 Kc5 53.Ne3  1-0

[Event "4th London Classic Open"]
[Site "London ENG"]
[Date "2012.12.01"]
[Round "1"]
[White "Vachtfeidl,P"]
[Black "Ledger,D"]
[Result "0-1"]
[WhiteElo "1945"]
[BlackElo "2266"]

1.e4 e5 2.Nf3 Nc6 3.Bb5 a6 4.Ba4 Nf6 5.O-O b5 6.Bb3 Bb7 7.c3 Nxe4 8.d4 exd4
9.Re1 d5 10.Ng5 Qf6 11.Nxe4 dxe4 12.Rxe4+ Ne5 13.Rf4 Qg6 14.g3 Qc6 15.f3 Nxf3+
16.Qxf3 Qxf3 17.Rxf3 Bxf3 18.cxd4 O-O-O 19.Be3 Be7 20.Nc3 Bf6 21.Rf1 Bb7
22.Bxf7 Bxd4 23.Be6+ Kb8 24.Bxd4 Rxd4 25.Rf7 Rd2 26.Bh3 Re8 27.Rf2 Red8  0-1

[Event "35th ch-GRE w 2012"]
[Site "Athens GRE"]
[Date "2012.12.02"]
[Round "9"]
[White "Markantonaki,H"]
[Black "Makropoulou,M"]
[Result "1/2-1/2"]
[WhiteElo "2197"]
[BlackElo "2226"]

1.e4 e5 2.Nf3 Nc6 3.Bb5 a6 4.Ba4 Nf6 5.O-O b5 6.Bb3 Bb7 7.d3 Be7 8.a4 O-O
9.Re1 d6 10.Nbd2 Nd7 11.axb5 axb5 12.Rxa8 Qxa8 13.Nf1 Na5 14.Ba2 Nc6 15.Bb3 Na5
16.Ba2 Nc6 17.Bb3 Na5 18.Ba2 Nc6  1/2-1/2

[Event "22nd TCh-SLO 2012"]
[Site "Slovenia SLO"]
[Date "2012.12.08"]
[Round "8"]
[White "Kovacevic,A"]
[Black "Mikac,M"]
[Result "1-0"]
[WhiteElo "2560"]
[BlackElo "2394"]

1.e4 e5 2.Nf3 Nc6 3.Bb5 a6 4.Ba4 Nf6 5.O-O b5 6.Bb3 Bb7 7.d3 Be7 8.Nc3 O-O
9.a4 b4 10.Nd5 Na5 11.Ba2 Nxd5 12.exd5 b3 13.cxb3 Bxd5 14.Nxe5 Rb8 15.Nc4 Nc6
16.Ne3 Be6 17.d4 d5 18.Nc2 Bf5 19.Be3 Bf6 20.Ne1 Rb4 21.Bb1 Bxb1 22.Rxb1 Nxd4
23.Nd3 Rb8 24.Nc5 Ne6 25.Nxa6 Ra8 26.Nb4 d4 27.Bd2 c5 28.Nd3 Qd5 29.Rc1 Rfb8
30.Rc4 Qb7 31.Nxc5  1-0

[Event "TCh-CZE Div1 Vychod 2012-13"]
[Site "Czech Republic CZE"]
[Date "2012.12.09"]
[Round "4.5"]
[White "Navratil,Ji3"]
[Black "Krcal,M"]
[Result "1/2-1/2"]
[WhiteElo "2057"]
[BlackElo "2152"]

1.e4 e5 2.Nf3 Nc6 3.Bb5 a6 4.Ba4 Nf6 5.O-O b5 6.Bb3 Bb7 7.Re1 Bc5 8.c3 d6
9.d4 Bb6 10.a4 O-O 11.Bg5 h6 12.Bh4 Qe7 13.Na3 exd4 14.cxd4 g5 15.Bg3 g4
16.Nh4 Nxd4 17.Ng6 Qd7 18.Nxf8 Rxf8 19.axb5 axb5 20.Bc2 Re8 21.Qd2 Nxe4 22.Bxe4 Bxe4
23.Qxh6 Re6 24.Qf4 f5 25.Qg5+ Kh7 26.Bf4 Bxg2 27.Qh5+ Kg7 28.Rxe6 Qxe6 29.Qg5+ Kf7
30.Qh5+ Ke7 31.Qh7+ Kd8 32.Bg5+ Kc8 33.Qh8+ Kb7 34.Nxb5 Ne2+ 35.Kxg2 Qd5+
36.Kf1 Qh1+ 37.Kxe2 Qxa1 38.Qc3 Ba5 39.b4 Qa2+ 40.Bd2 Bb6 41.Nd4 Qd5 42.Nc2 Qe4+
43.Kd1 Bxf2 44.Be1 Bb6 45.Qg3 d5 46.Bd2 d4 47.Ne1 Qb1+ 48.Ke2 Qe4+ 49.Kd1 Qd5
50.Qg2 Kc6 51.Ke2 d3+ 52.Kf1 Qxg2+ 53.Kxg2 Kd5 54.Nxd3 Ke4 55.Nc5+ Kd5 56.Nd3 Ke4
57.Nf2+ Kd5 58.Kf1 c6 59.Ke2 Bc7 60.h3 gxh3 61.Nxh3 Kc4 62.Nf2 c5 63.bxc5 Kxc5
64.Kf3 Kd5 65.Nd3  1/2-1/2

[Event "IX Regina Helena Marques Prol"]
[Site "Santos BRA"]
[Date "2012.12.14"]
[Round "6.3"]
[White "Campelo,L"]
[Black "Marrero Lopez,Yan"]
[Result "0-1"]
[WhiteElo "2247"]
[BlackElo "2304"]

1.e4 e5 2.Nf3 Nc6 3.Bb5 a6 4.Ba4 Nf6 5.O-O b5 6.Bb3 Bb7 7.d3 Be7 8.c3 O-O
9.Nbd2 d5 10.Re1 dxe4 11.dxe4 h6 12.Qe2 Re8 13.Nf1 Na5 14.Bc2 c5 15.h3 Qc7
16.g4 Nh7 17.Ng3 Ng5 18.Nxg5 Bxg5 19.Nf5 Nc4 20.Bb3 Nd6 21.Nxd6 Qxd6 22.Bxg5 hxg5
23.Rad1 Qe7 24.Bd5 Rad8 25.c4 bxc4 26.Qxc4 Bxd5 27.Rxd5 Rxd5 28.exd5 Qd6
29.Rc1 Rd8 30.Rd1 Rb8 31.Qa4 Kf8 32.b3 Rb4 33.Qc6 Ke7 34.Rc1 Qxc6 35.dxc6 c4
36.a3 Rxb3 37.Rxc4 Kd8 38.Ra4 Rb6 39.Ra5 f6 40.Rd5+ Kc7 41.Rd7+ Kxc6 42.Rxg7 Kd5
43.Rg6 Ke6 44.h4 gxh4 45.Rh6 Kf7 46.g5 Rb1+ 47.Kg2 f5 48.Rxa6 Rb3 49.a4 Ra3
50.a5 e4 51.Ra8 e3 52.fxe3 Rxe3 53.a6 Ra3 54.Ra7+ Kg6 55.Ra8 Kh5 56.a7 Kg4
57.Kf2 h3 58.Kf1 Ra2 59.Ke1 h2 60.Rh8 Kg3  0-1

[Event "23rd Metropolitan GM"]
[Site "Los Angeles USA"]
[Date "2012.12.22"]
[Round "6"]
[White "Kiewra,K"]
[Black "Amanov,Z"]
[Result "1/2-1/2"]
[WhiteElo "2422"]
[BlackElo "2359"]

1.e4 e5 2.Nf3 Nc6 3.Bb5 a6 4.Ba4 Nf6 5.O-O b5 6.Bb3 Bb7 7.Re1 Bc5 8.c3 O-O
9.d3 h6 10.a4 Re8 11.Be3 Bf8 12.h3 d5 13.Nbd2 Na5 14.Bc2 c5 15.Nf1 Nc6 16.Ng3 Qc7
17.Nf5 Ne7 18.Nxe7+ Bxe7 19.Qe2 Bf8 20.axb5 axb5 21.Rxa8 Bxa8 22.Bc1 dxe4
23.dxe4 c4 24.Nh2 Nd7 25.Ng4 Re6 26.Ne3 Nf6 27.Nf5 Kh7 28.Qf3 g6 29.Ne3 Rd6
30.Qg3 Rd7 31.Qh4 Qd8 32.Ng4  1/2-1/2

[Event "ALG-TUR Women 2012"]
[Site "Algiers ALG"]
[Date "2012.12.29"]
[Round "6.3"]
[White "Hamlaoui,Asma"]
[Black "Menzi,N"]
[Result "0-1"]
[WhiteElo "1601"]
[BlackElo "1858"]

1.e4 e5 2.Nf3 Nc6 3.Bb5 a6 4.Ba4 Nf6 5.O-O b5 6.Bb3 Bb7 7.c3 Nxe4 8.Re1 Nc5
9.Nxe5 Nxe5 10.Rxe5+ Ne6 11.d4 Bd6 12.Re1 Qh4 13.h3 O-O-O 14.Qg4 Qxg4 15.hxg4 h5
16.g5 h4 17.Bd2 h3 18.gxh3 Rxh3 19.Kf1 Bf3  0-1

[Event "XXIII Krakow Open"]
[Site "Krakow POL"]
[Date "2012.12.29"]
[Round "4.24"]
[White "Snihur,P"]
[Black "Zawadzka,J"]
[Result "0-1"]
[WhiteElo "2064"]
[BlackElo "2389"]

1.e4 e5 2.Nf3 Nc6 3.Bb5 a6 4.Ba4 Nf6 5.O-O b5 6.Bb3 Bb7 7.Re1 Bc5 8.c3 d6
9.d4 Bb6 10.a4 h6 11.d5 Ne7 12.Be3 Bxe3 13.Rxe3 c6 14.dxc6 Bxc6 15.Nbd2 Ng6
16.g3 O-O 17.Qe2 Qd7 18.a5 Rad8 19.c4 b4 20.Ne1 Qb7 21.Nd3 Nd7 22.c5 Nxc5
23.Nxc5 dxc5 24.Bc4 Bb5 25.Nb3 Rc8 26.Rc1 Bxc4 27.Qxc4 Rc6 28.Nxc5 Qb8 29.Qf1 Rfc8
30.Nb3 Rxc1 31.Nxc1 Nf8 32.Rb3 Qc7 33.Nd3 Qxa5 34.Rxb4 Ne6 35.Rb7 Qd2 36.Kg2 Ng5
37.Rb3 Nxe4 38.Qe1 Qxe1 39.Nxe1 f6 40.Rb4 Ng5 41.f4 Nf7 42.Kf3 Rc6 43.Nd3 exf4
44.Rxf4 Kf8 45.Ra4 Ke7 46.h4 Ne5+ 47.Nxe5 fxe5  0-1

[Event "22nd North American Open"]
[Site "Las Vegas USA"]
[Date "2012.12.29"]
[Round "8.8"]
[White "Friedel,J"]
[Black "Aldama Degurnay,D"]
[Result "1-0"]
[WhiteElo "2494"]
[BlackElo "2434"]

1.e4 e5 2.Nf3 Nc6 3.Bb5 a6 4.Ba4 Nf6 5.O-O b5 6.Bb3 Bb7 7.d3 Bc5 8.Nc3 d6
9.a4 b4 10.Ne2 h6 11.Ng3 O-O 12.a5 d5 13.exd5 Nxd5 14.Re1 Re8 15.Ba4 Bd6
16.Bd2 Nf4 17.Bxf4 exf4 18.Rxe8+ Qxe8 19.Nf5 Qe6 20.Bxc6 Bxc6 21.N3d4 Qf6
22.Nxc6 Qxf5 23.Qe2 Qd7 24.Qf3 Re8 25.Kf1 Qe6 26.Qe4 Qxe4 27.dxe4 Rxe4 28.b3 f3
29.gxf3 Rh4 30.Nb8 Kf8 31.Nxa6 g6 32.Nb8 Rxh2 33.Kg1 Rh5 34.a6 Rg5+ 35.Kf1 Bh2
36.Ra2  1-0

[Event "88th Hastings Masters"]
[Site "Hastings ENG"]
[Date "2012.12.30"]
[Round "3.1"]
[White "Kulaots,K"]
[Black "Flear,G"]
[Result "1/2-1/2"]
[WhiteElo "2581"]
[BlackElo "2481"]

1.e4 e5 2.Nf3 Nc6 3.Bb5 a6 4.Ba4 Nf6 5.O-O b5 6.Bb3 Bb7 7.d3 Bd6 8.a4 O-O
9.Nc3 b4 10.Ne2 h6 11.Ng3 Re8 12.Re1 Na5 13.Ba2 c5 14.c3 Bf8 15.d4 exd4 16.cxb4 cxb4
17.e5 b3 18.Bb1 Nd5 19.Nxd4 Qb6 20.Ngf5 Rac8 21.Qd3 Qg6 22.Qf1 Qb6 23.Qd3 Qg6
24.Qf1 Qb6 25.Qd3  1/2-1/2

[Event "88th Hastings Masters"]
[Site "Hastings ENG"]
[Date "2012.12.31"]
[Round "4.7"]
[White "Alsina Leal,D"]
[Black "Ledger,D"]
[Result "1-0"]
[WhiteElo "2511"]
[BlackElo "2266"]

1.e4 e5 2.Nf3 Nc6 3.Bb5 a6 4.Ba4 Nf6 5.O-O b5 6.Bb3 Bb7 7.d3 Bd6 8.d4 O-O
9.c3 h6 10.Nbd2 Re8 11.Bc2 Bf8 12.Nxe5 Nxe5 13.dxe5 Rxe5 14.f4 Bc5+ 15.Kh1 Rxe4
16.Nxe4 Nxe4 17.Qe1 Qe7 18.Be3 Bd6 19.f5 Re8 20.Bf4 Bc5 21.Bxe4 Bxe4 22.Qg3 Qf6
23.Bxc7 h5 24.Rae1 Qc6 25.Re2 a5 26.Bf4 d5 27.Qh3 g6 28.fxg6 Qxg6 29.Qg3 Re6
30.Qxg6+ Rxg6 31.Rfe1 f5 32.h3 a4 33.Kh2 Kf7 34.Rd1 Rg8 35.Rxe4 dxe4 36.Rd5 Rc8
37.Rxf5+ Kg6 38.Rg5+ Kf6 39.Rxh5 e3 40.Kg3 b4 41.cxb4 Bd4 42.Kf3 Re8 43.Ke2 Bxb2
44.Rd5 Bc1 45.g3 a3 46.b5  1-0

[Event "88th Hastings Masters"]
[Site "Hastings ENG"]
[Date "2013.01.03"]
[Round "7.12"]
[White "Kwiatkowski,F"]
[Black "Flear,G"]
[Result "0-1"]
[WhiteElo "2232"]
[BlackElo "2481"]

1.e4 e5 2.Nf3 Nc6 3.Bb5 a6 4.Ba4 Nf6 5.O-O b5 6.Bb3 Bb7 7.d3 Bd6 8.c3 O-O
9.Re1 h6 10.Nbd2 Re8 11.d4 Bf8 12.d5 Na7 13.a4 c6 14.axb5 axb5 15.dxc6 Nxc6
16.Rxa8 Qxa8 17.Bc2 Qc8 18.Bd3 b4 19.Nc4 Bc5 20.Be3 Bf8 21.Bc2 bxc3 22.Nb6 Qc7
23.bxc3 Nb8 24.Na4 Bxe4 25.Bxe4 Nxe4 26.Bxh6 Nxf2 27.Kxf2 gxh6 28.Qb3 Nc6
29.Qc4 d5 30.Qg4+ Kh8 31.Nh4 e4 32.c4 Ne5  0-1

[Event "TCh-CAT Div Hon 2013"]
[Site "Catalonia ESP"]
[Date "2013.01.19"]
[Round "1.1"]
[White "Cuartas,Ja"]
[Black "Alonso Garcia,R"]
[Result "1-0"]
[WhiteElo "2504"]
[BlackElo "2367"]

1.e4 e5 2.Nf3 Nc6 3.Bb5 a6 4.Ba4 Nf6 5.O-O b5 6.Bb3 Bb7 7.Re1 Bc5 8.c3 d6
9.d4 Bb6 10.Be3 O-O 11.Nbd2 exd4 12.cxd4 Nb4 13.Qb1 c5 14.a3 cxd4 15.Nxd4 Nc6
16.Nxc6 Bxc6 17.Qd3 Ng4 18.Bxb6 Qxb6 19.Qg3 Ne5 20.Rad1 Rad8 21.Nf3 Nxf3+
22.Qxf3 Qb7 23.Qe3 b4 24.Bd5 Bxd5 25.Rxd5 bxa3 26.bxa3 Qb2 27.h4 h6 28.Red1 Qf6
29.h5 Rfe8 30.Qd4 Qh4 31.e5 Qxh5 32.exd6 Qe2 33.d7 Re7 34.Rc1 Kh7 35.Rc8 Re4
36.Qd3  1-0

[Event "Dvorkovich Mem 2013"]
[Site "Taganrog RUS"]
[Date "2013.01.20"]
[Round "6.29"]
[White "Esipenko,Andrey"]
[Black "Najdin,Danil"]
[Result "1-0"]
[WhiteElo "2140"]
[BlackElo "2028"]

1.e4 e5 2.Nf3 Nc6 3.Bb5 a6 4.Ba4 Nf6 5.O-O b5 6.Bb3 Bb7 7.d3 Bc5 8.Nc3 d6
9.a4 b4 10.Nd5 Nxd5 11.Bxd5 Qe7 12.Bg5 f6 13.Be3 Bxe3 14.fxe3 Nd8 15.Bxb7 Nxb7
16.a5 c6 17.Qd2 c5 18.c3 bxc3 19.bxc3 Qc7 20.Qa2 Ke7 21.Nd2 Rhb8 22.Nc4 Kf8
23.Nb6 Ra7 24.Nd5 Qc8 25.Rfb1 Nd8 26.Rb6 Rab7 27.Qc4 Ra7 28.Rxd6 Rb2 29.h3 Nf7
30.Rb6 Rb7 31.Qxa6 Ng5 32.Rxb2  1-0

[Event "Marianske Lazne GM 2013"]
[Site "Marianske Lazne CZE"]
[Date "2013.01.23"]
[Round "6.3"]
[White "Matsenko,S"]
[Black "Ivanov,MM"]
[Result "1-0"]
[WhiteElo "2460"]
[BlackElo "2403"]

1.e4 e5 2.Nf3 Nc6 3.Bb5 a6 4.Ba4 Nf6 5.O-O b5 6.Bb3 Bb7 7.d3 Bc5 8.Nc3 d6
9.a4 b4 10.Nd5 Nxd5 11.Bxd5 h6 12.c3 O-O 13.d4 exd4 14.cxb4 Bxb4 15.Nxd4 Nxd4
16.Bxb7 Rb8 17.Bxa6 c5 18.Bc4 Qh4 19.Bd5 Kh8 20.a5 Nb5 21.a6 Na7 22.Bb7 Rbd8
23.Qd5 f5 24.exf5 Qg4 25.Be3 Rxf5 26.Qe6 Qh5 27.Qe7 Rff8 28.Bf3 Qf7 29.Qxf7 Rxf7
30.Rfd1 Nb5 31.Bb7 Rb8 32.Bc6 Na7 33.Rxd6  1-0

[Event "18th HIT Open A 2013"]
[Site "Nova Gorica SLO"]
[Date "2013.01.27"]
[Round "4.11"]
[White "Bratkovic,Sham"]
[Black "Titan,M"]
[Result "0-1"]
[WhiteElo "1957"]
[BlackElo "2135"]

1.e4 e5 2.Nf3 Nc6 3.Bb5 a6 4.Ba4 Nf6 5.O-O b5 6.Bb3 Bb7 7.d3 Be7 8.Nbd2 O-O
9.Re1 d6 10.a4 Na5 11.Ba2 c5 12.Nf1 h6 13.c3 Re8 14.Ne3 Bf8 15.Qe2 d5 16.exd5 Nxd5
17.Nxd5 Bxd5 18.Bxd5 Qxd5 19.Be3 Nc6 20.axb5 axb5 21.Qc2 Rac8 22.Red1 Nd4
23.Bxd4 cxd4 24.Qd2 dxc3 25.bxc3 Red8 26.Ra5 e4 27.Nd4 exd3 28.Qxd3 Qc4 29.h3 Qxc3
30.Raa1 Qxd3 31.Rxd3 Rd5 32.Rad1 Rcd8 33.R3d2 Bb4  0-1

[Event "ch-CUB Men Final 2013"]
[Site "Santa Clara CUB"]
[Date "2013.02.13"]
[Round "7.1"]
[White "Espinosa Veloz,E"]
[Black "Quesada Vera,L"]
[Result "1-0"]
[WhiteElo "2452"]
[BlackElo "2448"]

1.e4 e5 2.Nf3 Nc6 3.Bb5 a6 4.Ba4 Nf6 5.O-O b5 6.Bb3 Bb7 7.d3 Bc5 8.Nc3 d6
9.a4 b4 10.Nd5 Na5 11.Nxf6+ Qxf6 12.Ba2 Bc8 13.h3 Be6 14.c3 b3 15.Bb1 Bb6
16.d4 h6 17.Bd3 g5 18.Be2 g4 19.hxg4 Bxg4 20.Nh2 Bxe2 21.Qxe2 exd4 22.cxd4 Qxd4
23.Ng4 h5 24.Nh6 Qc4 25.Qf3 Nc6 26.Be3 Bxe3 27.Qxe3 Nd4 28.Rad1 Nc2 29.Qg5 Qxe4
30.Qf6 Rh7 31.Nf5 Kd7 32.Nxd6 cxd6 33.Qxd6+ Ke8 34.Rd5 Qe6 35.Re5 Rd8 36.Rxe6+ fxe6
37.Qxe6+ Kf8 38.Qxb3 Nd4 39.Qb4+ Kg8 40.Re1 Rg7 41.Kh1 Rg4 42.Qb6 Rh4+ 43.Kg1 Ne2+
44.Kf1 Rh1+ 45.Kxe2 Re8+ 46.Qe3  1-0